LEADER 02070nam 2200541Ia 450 001 9910700975603321 005 20111107075947.0 035 $a(CKB)5470000002413269 035 $a(OCoLC)759832697 035 $a(EXLCZ)995470000002413269 100 $a20111107d2011 ua 0 101 0 $aeng 135 $aurcn||||||||| 181 $ctxt$2rdacontent 182 $cc$2rdamedia 183 $acr$2rdacarrier 200 10$aAssessment of some atomization models used in spray calculations$b[electronic resource] /$fM.S. Raju, Dan Bulzan 210 1$aCleveland, Ohio :$cNational Aeronautics and Space Administration, Glenn Research Center,$d[2011] 215 $a1 online resource (37 pages) $cillustrations (some color) 225 1 $aNASA/TM ;$v2011-217029 300 $aTitle from title screen (viewed on Oct. 31, 2011). 300 $a"Prepared for the International Conference on Computational and Experimental Engineering and Sciences (ICCES 2011) organized by the Hohai University, Nanjing, China, April 18-21, 2011." 300 $a"March 2011." 320 $aIncludes bibliographical references (pages 10-11). 606 $aSprayers$2nasat 606 $aCombustion chambers$2nasat 606 $aComputational fluid dynamics$2nasat 606 $aAtomizers$2nasat 606 $aHigh altitude$2nasat 606 $aAerospace engineering$2nasat 606 $aInjectors$2nasat 615 7$aSprayers. 615 7$aCombustion chambers. 615 7$aComputational fluid dynamics. 615 7$aAtomizers. 615 7$aHigh altitude. 615 7$aAerospace engineering. 615 7$aInjectors. 700 $aRaju$b M. S$01392441 701 $aBulzan$b Dan$01418996 712 02$aNASA Glenn Research Center. 712 12$aInternational Conference on Computational and Experimental Engineering and Sciences$f(2011 :$eNanjing, China) 801 0$bGPO 801 1$bGPO 906 $aBOOK 912 $a9910700975603321 996 $aAssessment of some atomization models used in spray calculations$93531957 997 $aUNINA LEADER 01441nam 2200469 450 001 996466393603316 005 20231110222533.0 010 $a3-030-83823-4 035 $a(CKB)5590000000549875 035 $a(MiAaPQ)EBC6711382 035 $a(Au-PeEL)EBL6711382 035 $a(OCoLC)1273979887 035 $a(PPN)257350993 035 $a(EXLCZ)995590000000549875 100 $a20220513d2021 uy 0 101 0 $aeng 135 $aurcnu|||||||| 181 $ctxt$2rdacontent 182 $cc$2rdamedia 183 $acr$2rdacarrier 200 00$aExtended abstracts EuroComb 2021 $eEuropean conference on combinatorics, graph theory and applications /$fJaroslav Nesetril [and three others], editors 210 1$aCham, Switzerland :$cSpringer,$d[2021] 210 4$d©2021 215 $a1 online resource (875 pages) 225 0 $aTrends in Mathematics: Research Perspectives CRM Barcelona ;$vVolume 14 311 $a3-030-83822-6 410 0$aTrends in Mathematics 606 $aGraph theory 606 $aTeoria de grafs$2thub 608 $aCongressos$2thub 608 $aLlibres electrònics$2thub 615 0$aGraph theory. 615 7$aTeoria de grafs 676 $a511.5 702 $aNes?etr?il$b Jaroslav 801 0$bMiAaPQ 801 1$bMiAaPQ 801 2$bMiAaPQ 906 $aBOOK 912 $a996466393603316 996 $aExtended abstracts EuroComb 2021$92842884 997 $aUNISA